El discurso periodístico
Сохранить в:
| Главный автор: | |
|---|---|
| Формат: | |
| Язык: | испанский |
| Опубликовано: |
Buenos Aires
Plus Ultra
1987
|
| Серии: | Colección Didáctica del Lenguaje y la Comunicación
|
| Предметы: | |
| Метки: |
Добавить метку
Нет меток, Требуется 1-ая метка записи!
|
MARC
| LEADER | 00000nam a2200000 a 4500 | ||
|---|---|---|---|
| 001 | UCO8802 | ||
| 003 | CL-VaPUC | ||
| 008 | 010105e19870000AG |||||||||||||||||spa|d | ||
| 082 | 0 | 4 | |a 401.41 |b DES |2 21 |
| 100 | 0 | |a Desinano de Ossanna, Norma B |e author |9 453708 | |
| 245 | 1 | 3 | |a El discurso periodístico |
| 300 | |a 125 p | ||
| 942 | |c BK | ||
| 945 | |d 20010105 00:00:00 |a cmena | ||
| 260 | |a Buenos Aires |b Plus Ultra |c 1987 | ||
| 650 | 0 | |a Análisis del discurso |9 256696 | |
| 650 | 0 | |a Periodismo |9 310113 | |
| 650 | 7 | |a DISCURSOS PERIODISTICOS |2 CL-VaPUC |9 453709 | |
| 650 | 0 | |a Enseñanza del lenguaje |9 373325 | |
| 650 | 0 | |a Análisis de textos |9 440179 | |
| 583 | |a last modification |c 20010105 00:00:00 |k Rodrigo Vera | ||
| 490 | 0 | |a Colección Didáctica del Lenguaje y la Comunicación | |
| 999 | |c 293263 |d 293261 | ||
| 952 | |0 0 |1 0 |4 0 |6 401_410000000000000_DES_1987 |7 0 |8 A |9 344710 |a FDOPOS |b FDOPOS |d 2019-11-20 |i 3680770 |o 401.41 DES 1987 |p 3680770 |r 2025-01-22 |w 2019-11-20 |y BK |k MLA | ||